01204 a2200193 45000010006000000050017000060080041000230030015000640400040000790800038001192450070001570200022002272640035002493000019002845050582003030410008008851000022008938560095009154061220260407155701.0260407a2015 arg spa dAR-UNSa-BCEJYS aAR-UNSa-BCEJYSbspacAR-UNSa-BCEJYS a1(09)xHistoria de la Filosofía10aPrincipios de filosofíapuna introducción a su problemática a978-950-12-0304-2 1aBuenos Aires :bPaidósc2015 a715 p.c23 cm. a1. Los problemas de la filosofía - 2. Cambio y permanencia - 3. La filosofía como crítica universal y saber sin supuestos - 4. El descubrimiento del concepto. Sócrates - 5. El mundo de las ideas. Platón - 6. El mundo de las sustancias. Aristóteles - 7. La razón y la Fe. Santo Tomás - 8. El racionalismo. Descartes - 9. El empirismo - 10. El idealismo trascendental. Kant - 11. El idealismo absoluto. Hegel - 12. El materialismo histórico. Marx - 13. La fenomenología. Husserl - 14. Ser y existencia. Heidegger - 15. Epílogo. El hombre y la filosofía -  aspa1 aCarpio, Adolfo P.41uhttps://biblioeco.unsa.edu.ar/pmb/images/libros/L126197.jpgyImagen de portadaqimage/jpeg